Fachsprache Deutsch für Fortgeschrittene I - prezentácia učebného materiálu
Informácie o využití skúseností z pedagogickej praxe pri zostavovaní učebného materiálu určeného na výučbu nemeckého odborného jazyka v Kurze 12 na fakultách Ekonomickej univerzity v Bratislave. Dôvody vzniku učebného materiálu, ciele, ako aj metódy pužité na dosiahnutie stanovených cieľov.
Saved in:
| Main Author: | |
|---|---|
| Other Authors: | |
| Format: | Book Chapter |
| Language: | Slovak |
| Subjects: | |
| Tags: |
No Tags, Be the first to tag this record!
|
MARC
| LEADER | 00000naa$a2200000$$$4500 | ||
|---|---|---|---|
| 001 | 0160071 | ||
| 005 | 20240502072759.2 | ||
| 041 | 0 | |a slo | |
| 044 | |a SK | ||
| 245 | 1 | 0 | |a Fachsprache Deutsch für Fortgeschrittene I - prezentácia učebného materiálu |c Ľubomíra Kozlová, Jana Pospíšilová |
| 520 | |a Informácie o využití skúseností z pedagogickej praxe pri zostavovaní učebného materiálu určeného na výučbu nemeckého odborného jazyka v Kurze 12 na fakultách Ekonomickej univerzity v Bratislave. Dôvody vzniku učebného materiálu, ciele, ako aj metódy pužité na dosiahnutie stanovených cieľov. | ||
| 610 | 2 | 0 | |a jazyky cudzie |
| 610 | 2 | 0 | |a nemčina |
| 610 | 2 | 0 | |a učebnice |
| 610 | 2 | 0 | |a vzdelávanie vysokoškolské |
| 100 | 1 | |a Kozlová, Ľubomíra, 1952- | |
| 700 | 1 | |a Pospíšilová, Jana, 1950- | |